A la espera de Dios
Salvato in:
| Autore principale: | |
|---|---|
| Natura: | Libro |
| Lingua: | spagnolo |
| Pubblicazione: |
Madrid
Trotta
2000
|
| Edizione: | 3a. ed |
| Serie: | Colección Estructuras y Procesos. Serie Religión
|
| Soggetti: | |
| Tags: |
Aggiungi Tag
Nessun Tag, puoi essere il primo ad aggiungerne!!
|
MARC
| LEADER | 00000cam a2200000 a 4500 | ||
|---|---|---|---|
| 001 | UCN3545 | ||
| 003 | CL-VaPUC | ||
| 008 | 010629e20000000SP |||||||||||||||||spa|d | ||
| 020 | |a 848769960X | ||
| 082 | 0 | 4 | |a 291.42 |b WEI |2 21 |
| 100 | 0 | |a Weil, Simone |e author |9 441906 | |
| 245 | 1 | 0 | |a A la espera de Dios |
| 250 | |a 3a. ed | ||
| 300 | |a 155 p | ||
| 942 | |c BK | ||
| 945 | |d 20010629 00:00:00 |a cmena | ||
| 260 | |a Madrid |b Trotta |c 2000 | ||
| 650 | 0 | |a Experiencia religiosa |9 315549 | |
| 650 | 0 | |a Creencia Religiosa |9 316904 | |
| 650 | 0 | |a Autobiografías |9 265171 | |
| 650 | 0 | |a Literatura religiosa |9 266283 | |
| 650 | 0 | |a Teología |9 258766 | |
| 583 | |a last modification |c 20150714 02:51:58 |k Rodrigo Vera | ||
| 490 | 0 | |a Colección Estructuras y Procesos. Serie Religión | |
| 999 | |c 296390 |d 296388 | ||
| 952 | |0 0 |1 0 |4 0 |6 291_420000000000000_WEI_2000 |7 0 |8 A |9 350136 |a BIBTEO |b BIBTEO |d 2019-11-20 |i 3715833 |l 1 |o 291.42 WEI 2000 |p 3715833 |r 2024-05-06 |s 2024-05-06 |w 2019-11-20 |y BK |k ICR | ||
| 952 | |0 0 |1 0 |4 0 |6 291_420000000000000_WEI_2000 |7 0 |8 A |9 350137 |a BIBEDU |b BIBEDU |d 2019-11-20 |i 4070704 |o 291.42 WEI 2000 |p 4070704 |r 2019-11-20 |w 2019-11-20 |y BK |k FIL | ||
| 952 | |0 0 |1 0 |3 erb |4 0 |6 291_420000000000000_WEI_2000 |7 0 |8 A |9 350138 |a BIBTEO |b BIBTEO |e Villagrán Garnham, Jorge |i 5186285 |l 3 |m 1 |o 291.42 WEI 2000 |p 5186285 |q 2025-05-16 |r 2025-05-09 |s 2025-05-09 |w 2019-11-20 |y BK |z Catalogado en:20150728 |k ICR | ||